| 000 | 01666nam a2200217Ia 4500 | ||
|---|---|---|---|
| 003 | Ost | ||
| 005 | 20260416102401.0 | ||
| 008 | 260416s9999||||xx |||||||||||||| ||und|| | ||
| 040 | _cfsecg | ||
| 041 | _aara | ||
| 082 | _a658.834 | ||
| 100 |
_aبربارة،دليلة _eمؤلف |
||
| 245 | 0 |
_aسلوك المستهلك : _bموجهة لطلبة السنة الثالثة ليسانس : تخصص تسويق / _cدليلة بربارة |
|
| 260 |
_aالجزائر _bجامعة الجزائر3: كلية العلوم الإقتصادية، العلوم التجارية وعلوم التسيير _c2023 |
||
| 300 |
_a130 ورقة _bايضاحات _c12 سم |
||
| 504 | _aمراجع ص.125 | ||
| 520 | _aمدخل عام للتسويق،مدخل عام لسلوك المستهلك،النماذج المفسرة لسلوك المستهلك،العوامل الداخلية النفسية المؤثرة على سلوك المستهلك،العوامل الخارجية المؤثرة على سلوك المستهلك العوامل الاقتصادية و التسويقية،العوامل الخارجية المؤثرة على سلوك المستهلك العوامل الإجتماعية،العوامل الخارجية المؤثرة على سلوك المستهلك العوامل الثقافية،العوامل الخارجية المؤثرة على سلوك المستهلك العوامل الموقفية،قرار الشراء. | ||
| 653 | _aسلوك المستهلك | ||
| 710 |
_aجامعة الجزائر3: كلية العلوم الإقتصادية، العلوم التجارية وعلوم التسيير _eناشر علمي |
||
| 942 | _cHANDOUT | ||
| 999 |
_c41435 _d41435 |
||